[Event "St Petersburg Korchnoi Memorial op"]
[Site "St Petersburg"]
[Date "2023.08.18"]
[Round "1"]
[White "Kim, Andrey"]
[Black "Sorin, Ilya"]
[Result "1-0"]
[WhiteElo "2198"]
[BlackElo "1659"]
[PlyCount "57"]
[EventDate "2023.08.18"]
[EventType "swiss"]
[EventRounds "9"]
[EventCountry "RUS"]
[SourceTitle "EXT 2024"]
[Source "ChessBase"]
[SourceDate "2023.10.10"]
[SourceVersion "1"]
[SourceVersionDate "2023.10.10"]
[SourceQuality "1"]

1. d4 d5 2. c4 e6 3. Nf3 Nf6 4. g3 Be7 5. Bg2 0-0 6. 0-0 c6 7. Qc2 b6 8. Nbd2 Bb7 9. e4 dxe4 10. Nxe4 Nbd7 11. Nxf6+ Bxf6 12. Rd1 Qe7 13. Bf4 Rfd8 14. h4 Nf8 15. c5 bxc5 16. dxc5 e5 17. Re1 Rd5 18. Be3 h6 19. Nd2 Rd7 20. Nc4 Qe6 21. Be4 g6 22. Bxh6 Be7 23. Bg2 f6 24. Kh2 Ba6 25. Na5 Bd3 26. Qc3 Qf5 27. Nxc6 Rc8 28. Be3 Be4 29. Qc4+ 1-0

[Event "Almaty Fizmat op"]
[Site "Almaty"]
[Date "2021.10.10"]
[Round "9"]
[White "Kim, Andrey"]
[Black "Akhilbay, Imangali"]
[Result "0-1"]
[WhiteElo "2059"]
[BlackElo "1918"]
[PlyCount "54"]
[EventDate "2021.10.08"]
[EventType "swiss (rapid)"]
[EventRounds "9"]
[EventCountry "KAZ"]
[SourceTitle "EXT 2023"]
[Source "ChessBase"]
[SourceDate "2022.10.05"]
[SourceVersion "1"]
[SourceVersionDate "2022.10.05"]
[SourceQuality "1"]

1. e4 e6 2. d4 d5 3. Nd2 Nc6 4. Ngf3 Nf6 5. e5 Nd7 6. Be2 f6 7. exf6 Qxf6 8. Nf1 Bd6 9. Ng3 e5 10. dxe5 Ndxe5 11. 0-0 0-0 12. Nxe5 Bxe5 13. c3 Be6 14. f4 Bd6 15. Be3 Rad8 16. Qc1 d4 17. cxd4 Nxd4 18. Bc4 Nc6 19. Ne4 Qe7 20. Bxe6+ Qxe6 21. Nxd6 cxd6 22. Qd2 d5 23. Bd4 Rfe8 24. Rae1 Qf5 25. Rxe8+ Rxe8 26. Kh1 Re4 27. Be5 Rxe5 0-1

[Event "Moscow City Team-ch"]
[Site "Moscow"]
[Date "2021.09.16"]
[Round "6"]
[White "Galaktionov, Artem"]
[Black "Kim, Andrey"]
[Result "1/2-1/2"]
[WhiteElo "2371"]
[BlackElo "2037"]
[PlyCount "119"]
[EventDate "2021.09.11"]
[EventType "team-swiss"]
[EventRounds "7"]
[EventCountry "RUS"]
[SourceTitle "EXT 2022"]
[Source "ChessBase"]
[SourceDate "2021.10.06"]
[SourceVersion "1"]
[SourceVersionDate "2021.10.06"]
[SourceQuality "1"]

1. d4 d5 2. Nf3 Nf6 3. c4 dxc4 4. e3 e6 5. Bxc4 c5 6. 0-0 a6 7. a4 Nc6 8. Nc3 Be7 9. d5 exd5 10. Nxd5 0-0 11. Nxe7+ Qxe7 12. Bd2 Ne4 13. Be1 Bg4 14. h3 Rad8 15. Qe2 Bh5 16. g4 Bg6 17. Rd1 Rxd1 18. Qxd1 Rd8 19. Qb3 Nd6 20. Be2 c4 21. Qa3 b5 22. Qc5 Qb7 23. Nd4 Nxd4 24. Qxd4 Rd7 25. Bb4 Ne4 26. Qe5 f6 27. Qf4 Ng5 28. Kh2 Bd3 29. Bxd3 cxd3 30. axb5 axb5 31. Kg3 h5 32. gxh5 Qd5 33. f3 d2 34. Rd1 Qb3 35. Qb8+ Kh7 36. Qe8 Rf7 37. Rxd2 Qxb4 38. Rd1 f5 39. Qe5 Qh4+ 40. Kxh4 Nxf3+ 41. Kg3 Nxe5 42. Kf4 Nc4 43. b3 Na5 44. Rd5 Nxb3 45. Rxb5 Nc1 46. Rxf5 Nd3+ 47. Kg5 Rxf5+ 48. Kxf5 Kh6 49. e4 Kxh5 50. e5 g6+ 51. Kf6 Nf4 52. e6 Nd5+ 53. Kf7 g5 54. e7 Nc7 55. Kf6 Kh4 56. Kg6 Ne8 57. Kf7 Nd6+ 58. Kg6 Ne8 59. Kf7 Nc7 60. Kg6 1/2-1/2

[Event "Moscow op-A 17th"]
[Site "Moscow"]
[Date "2021.02.21"]
[Round "2"]
[White "Meydi, Igor"]
[Black "Kim, Andrey"]
[Result "0-1"]
[WhiteElo "1678"]
[BlackElo "1971"]
[PlyCount "78"]
[EventDate "2021.02.20"]
[EventType "swiss"]
[EventRounds "9"]
[EventCountry "RUS"]
[SourceTitle "CBM 200 Extra"]
[Source "ChessBase"]
[SourceDate "2021.03.31"]
[SourceVersion "1"]
[SourceVersionDate "2021.03.31"]
[SourceQuality "1"]

1. d4 d5 2. c4 c6 3. cxd5 cxd5 4. Nc3 Nc6 5. Nf3 Nf6 6. Bf4 Ne4 7. Qb3 Nxc3 8. bxc3 e6 9. e3 Bd6 10. Bxd6 Qxd6 11. Be2 0-0 12. 0-0 b6 13. Nd2 Bb7 14. f4 Rac8 15. Rac1 Rc7 16. Qb1 Rfc8 17. f5 e5 18. Nf3 Qh6 19. Rfe1 e4 20. Ne5 Nxe5 21. dxe5 Qxe3+ 22. Kh1 Rxc3 23. Rxc3 Qxc3 24. e6 f6 25. Bb5 Qc5 26. Bd7 Rc7 27. Qb3 Bc6 28. Bxc6 Qxc6 29. Rd1 Qc4 30. Qg3 Qc1 31. Rg1 Qc5 32. h4 d4 33. Re1 e3 34. h5 h6 35. Qg6 Re7 36. Qg4 d3 37. Qf3 d2 38. Rd1 Qe5 39. Qe2 Qxf5 0-1

[Event "Moscow op-A 17th"]
[Site "Moscow"]
[Date "2021.02.20"]
[Round "1"]
[White "Kim, Andrey"]
[Black "Maiorov, Nikita"]
[Result "0-1"]
[WhiteElo "1971"]
[BlackElo "2495"]
[PlyCount "68"]
[EventDate "2021.02.20"]
[EventType "swiss"]
[EventRounds "9"]
[EventCountry "RUS"]
[SourceTitle "CBM 200 Extra"]
[Source "ChessBase"]
[SourceDate "2021.03.31"]
[SourceVersion "1"]
[SourceVersionDate "2021.03.31"]
[SourceQuality "1"]

1. d4 Nf6 2. c4 e6 3. g3 d5 4. Nf3 dxc4 5. Bg2 a6 6. Ne5 Bb4+ 7. Nc3 Nd5 8. Bd2 Nb6 9. e3 N8d7 10. f4 0-0 11. 0-0 c5 12. Ne4 Bxd2 13. Qxd2 cxd4 14. exd4 Nf6 15. Nc5 Nbd5 16. Nxc4 b6 17. Ne4 Rb8 18. Nxf6+ Nxf6 19. Rad1 Bb7 20. Ne3 Nd5 21. Ng4 Re8 22. f5 f6 23. Rde1 exf5 24. Rxe8+ Qxe8 25. Rxf5 Qe6 26. Qf2 Kh8 27. h3 Ne7 28. Rh5 Bxg2 29. Kxg2 Qe4+ 30. Kh2 Qg6 31. Rh4 Nf5 32. d5 Nxh4 33. gxh4 Qd3 34. h5 h6 0-1

[Event "Botvinnik Cup"]
[Site "Moscow"]
[Date "2020.12.21"]
[Round "4.6"]
[White "Kovalev, Andrei"]
[Black "Kim, Andrey"]
[Result "1/2-1/2"]
[WhiteElo "2501"]
[BlackElo "1971"]
[PlyCount "139"]
[EventDate "2020.12.18"]
[EventType "team-tourn"]
[EventRounds "5"]
[EventCountry "RUS"]
[SourceTitle "CBM 199 Extra"]
[Source "ChessBase"]
[SourceDate "2021.01.31"]
[SourceVersion "1"]
[SourceVersionDate "2021.01.31"]
[SourceQuality "1"]
[WhiteTeam "Belarus"]
[BlackTeam "Moscow"]
[WhiteTeamCountry "BLR"]
[BlackTeamCountry "RUS"]

1. e4 c6 2. d4 d5 3. Nd2 dxe4 4. Nxe4 Nf6 5. Nxf6+ exf6 6. Bc4 Bd6 7. Qe2+ Qe7 8. Qxe7+ Kxe7 9. Ne2 Re8 10. Bf4 Bxf4 11. Nxf4 Kf8+ 12. Kd2 Bf5 13. Bd3 Bxd3 14. Nxd3 Nd7 15. Rhe1 f5 16. c4 g5 17. Kc3 Re6 18. Rxe6 fxe6 19. Re1 Kf7 20. a4 Re8 21. b4 Kf6 22. b5 e5 23. dxe5+ Nxe5 24. bxc6 bxc6 25. f4 gxf4 26. Nxf4 a5 27. g3 Rb8 28. Nh5+ Ke6 29. Nf4+ Kf6 30. Nh5+ Ke6 31. h3 c5 32. Nf4+ Kf6 33. Nh5+ Ke6 34. Nf4+ Kf6 35. Rd1 Rg8 36. Rd6+ Kf7 37. Ne2 Rb8 38. Rd5 Kf6 39. Rxc5 Rb4 40. Rxa5 Rxc4+ 41. Kd2 Re4 42. Ra6+ Kg5 43. Ra8 Nf3+ 44. Kd1 Rb4 45. a5 Rb2 46. Nf4 Nd4 47. a6 Nc6 48. Rg8+ Kh6 49. g4 fxg4 50. hxg4 Rb5 51. Kd2 Rg5 52. Rc8 Na7 53. Rc7 Rxg4 54. Ne6 Rg6 55. Nc5 Rc6 56. Rxa7 Rxc5 57. Rb7 Ra5 58. a7 Ra1 59. Kc3 Kg6 60. Kc4 h5 61. Kb5 Kg5 62. Kb6 h4 63. Rb8 Kg4 64. a8Q Rxa8 65. Rxa8 h3 66. Rh8 Kg3 67. Kc5 h2 68. Kd4 Kg2 69. Ke3 h1Q 70. Rxh1 1/2-1/2

[Event "Botvinnik Cup"]
[Site "Moscow"]
[Date "2020.12.20"]
[Round "3.2"]
[White "Kim, Andrey"]
[Black "Kobalia, Mihail"]
[Result "0-1"]
[WhiteElo "1971"]
[BlackElo "2587"]
[PlyCount "134"]
[EventDate "2020.12.18"]
[EventType "team-tourn"]
[EventRounds "5"]
[EventCountry "RUS"]
[SourceTitle "CBM 199 Extra"]
[Source "ChessBase"]
[SourceDate "2021.01.31"]
[SourceVersion "1"]
[SourceVersionDate "2021.01.31"]
[SourceQuality "1"]
[WhiteTeam "Moscow"]
[BlackTeam "Russia"]
[WhiteTeamCountry "RUS"]
[BlackTeamCountry "RUS"]

1. d4 Nf6 2. c4 g6 3. g3 Bg7 4. Bg2 0-0 5. Nc3 d6 6. Nf3 Nbd7 7. 0-0 e5 8. e4 a6 9. h3 Rb8 10. Be3 exd4 11. Nxd4 Re8 12. Qc2 Ne5 13. b3 c5 14. Nde2 b5 15. cxb5 axb5 16. f4 Nc6 17. Rad1 Qe7 18. e5 Nb4 19. Qd2 dxe5 20. fxe5 Nh5 21. g4 Bxe5 22. Bf2 Nf6 23. a3 Be6 24. axb4 cxb4 25. Ne4 Nxe4 26. Bxe4 Bxb3 27. Rb1 Bc4 28. Rfe1 b3 29. Qe3 b2 30. Nd4 Qf6 31. Nc6 Bf4 32. Qd4 Qxd4 33. Bxd4 Rbc8 34. Bg2 Bc1 35. Rexc1 bxc1Q+ 36. Rxc1 Re6 37. Ne5 Rd6 38. Ba1 Rcd8 39. Bf3 Bd5 40. Be2 b4 41. Kf2 b3 42. Bb2 Rf6+ 43. Ke1 Rfd6 44. Rd1 Be6 45. Rxd6 Rxd6 46. h4 f6 47. Nc4 Rc6 48. Ne3 f5 49. gxf5 gxf5 50. Bf3 Rc8 51. Bd1 Kf7 52. Ng2 Rc4 53. Kd2 Re4 54. Bf3 Ra4 55. Bd1 Re4 56. Bf3 Rb4 57. Ke3 Rc4 58. Bd1 Bd5 59. Nf4 Re4+ 60. Kf3 Re1+ 61. Nxd5 Rxd1 62. Nc3 Rd2 63. Na4 Rc2 64. h5 Rh2 65. Ke3 Rxh5 66. Kd3 Rh4 67. Nc5 Rh2 0-1